[Event "London Classic op U1825 11th"]
[Site "London"]
[Date "2019.11.30"]
[Round "3"]
[White "Jiang, Anthony Yazhou"]
[Black "Palav, Mayank"]
[Result "1-0"]
[WhiteElo "1660"]
[BlackElo "1421"]
[PlyCount "105"]
[EventDate "2019.11.29"]
[EventType "swiss"]
[EventRounds "5"]
[EventCountry "ENG"]
[SourceTitle "CBM 195 Extra"]
[Source "ChessBase"]
[SourceDate "2020.05.31"]
[SourceVersion "1"]
[SourceVersionDate "2020.05.31"]
[SourceQuality "1"]

1. d4 d5 2. c4 c6 3. Nc3 Nf6 4. Nf3 Bf5 5. Bf4 e6 6. e3 Bd6 7. Bg3 h6 8. cxd5 exd5 9. Bd3 Bxd3 10. Qxd3 Bxg3 11. hxg3 Qe7 12. a3 Ne4 13. b4 Nxc3 14. Qxc3 Nd7 15. 0-0 0-0 16. Rab1 Nf6 17. Ne5 Nd7 18. Nd3 Rac8 19. Qd2 b6 20. Rfc1 c5 21. Nf4 cxb4 22. Nxd5 Rxc1+ 23. Qxc1 Qd6 24. Nxb4 Nf6 25. Rb2 Nd5 26. Qc6 Rd8 27. Nxd5 Qxd5 28. Qxd5 Rxd5 29. a4 Ra5 30. Rb4 Kf8 31. Kf1 Ke7 32. Ke2 Kd6 33. Kd3 Rh5 34. Ke4 Ra5 35. f3 Rg5 36. g4 f5+ 37. Kf4 fxg4 38. fxg4 Ra5 39. e4 g5+ 40. Ke3 Kc6 41. e5 b5 42. axb5+ Rxb5 43. Rxb5 Kxb5 44. d5 Kc5 45. d6 Kc6 46. Kd3 a6 47. Kc4 a5 48. Kb3 Kd7 49. Ka4 Ke6 50. Kxa5 Kd7 51. Kb5 Kc8 52. Kc6 Kd8 53. d7 1-0